Psicología y medio ambiente

-д хадгалсан:
Номзүйн дэлгэрэнгүй
Үндсэн зохиолч: Levy-Leboyer, Claude (Зохиогч)
Формат: Ном
Хэл сонгох:испани
Хэвлэсэн: Madrid Morata 1985
Цуврал:Colección Psicología. Psicología Aplicada
Нөхцлүүд:
Шошгууд: Шошго нэмэх
Шошго байхгүй, Энэхүү баримтыг шошголох эхний хүн болох!

MARC

LEADER 00000nam a2200000 a 4500
001 UCN9620
003 CL-VaPUC
008 011221e19850000SP |||||||||||||||||spa|d
082 0 4 |a 155.9  |b LEV  |2 21 
100 |a Levy-Leboyer, Claude  |e author  |9 590696 
245 1 0 |a Psicología y medio ambiente 
300 |a 198 p 
942 |c BK 
945 |d 20011221 00:00:00  |a vberengu 
260 |a Madrid  |b Morata  |c 1985 
500 |a ALGUNOS EJEMPLARES EN INST.DE GEOGRAFIA POR PROY.MINEDUC 
650 0 |a Psicología aplicada   |9 270762 
650 0 |a Medio ambiente  |9 257625 
583 |a last modification  |c 20130102 10:22:41  |k Rodrigo Vera 
490 0 |a Colección Psicología. Psicología Aplicada 
999 |c 298920  |d 298918 
952 |0 0  |1 0  |4 0  |6 155_900000000000000_LEV_1985  |7 0  |8 A  |9 354930  |a BIBING  |b BIBING  |d 2019-11-21  |i 3782794  |o 155.9 LEV 1985  |p 3782794  |r 2025-01-20  |w 2019-11-21  |y BK  |k GEO